|
|
|
|
| LEADER |
00000nam0a2200000 4500 |
| 001 |
358604 |
| 005 |
20231102011118.0 |
| 035 |
|
|
|a (RuTPU)RU\TPU\retro\15875
|
| 090 |
|
|
|a 358604
|
| 100 |
|
|
|a 20200820d1973 km y0gery50 ba
|
| 101 |
0 |
|
|a ger
|
| 102 |
|
|
|a DE
|
| 105 |
|
|
|a a z 001zy
|
| 200 |
1 |
|
|a Probleme der Standsicherheit und des Ausbaus grober unterirdischer Hohlraume
|f M. W. Mostkow, M. N. Belkin, G. Gunther
|
| 210 |
|
|
|a Leipzig
|c VEB Deutscher Verlag fur Grundstoffindustrie
|d 1973
|
| 215 |
|
|
|a 40 p.
|c il.
|
| 225 |
1 |
|
|a Freiberger Forschungshefte
|v A 520 : Geotechnik und Ingenieurgeologie
|
| 320 |
|
|
|a Literatur: p. 38
|
| 606 |
1 |
|
|a Подземные сооружения
|x Прочность
|2 stltpush
|3 (RuTPU)RU\TPU\subj\49664
|9 68429
|
| 610 |
1 |
|
|a полости
|
| 610 |
1 |
|
|a грунты
|
| 610 |
1 |
|
|a деформации
|
| 610 |
1 |
|
|a расширение
|
| 610 |
1 |
|
|a устойчивость
|
| 610 |
1 |
|
|a прогнозы
|
| 610 |
1 |
|
|a расчеты
|
| 610 |
1 |
|
|a исследования
|
| 610 |
1 |
|
|a результаты
|
| 610 |
1 |
|
|a рекомендации
|
| 610 |
1 |
|
|a строительные работы
|
| 610 |
1 |
|
|a земная кора
|
| 610 |
1 |
|
|a инженерные сооружения
|
| 610 |
1 |
|
|a немецкий язык
|
| 675 |
|
|
|a 622.83
|v 4
|
| 700 |
|
1 |
|a Mostkow
|b M. W.
|
| 701 |
|
1 |
|a Belkin
|b M. N.
|
| 701 |
|
1 |
|a Gunther
|b G.
|
| 801 |
|
1 |
|a RU
|b 63413507
|c 20200820
|
| 801 |
|
2 |
|a RU
|b 63413507
|c 20200907
|g RCR
|
| 942 |
|
|
|c BK
|